| 000 | 00674cam a22001934a 4500 | ||
|---|---|---|---|
| 005 | 20250605164351.0 | ||
| 008 | 250528s ||||||||||||||||||||||||d | ||
| 035 | _a24107 | ||
| 040 |
_aGR-AtMCL _bgre _dGR-AtMCL _eAACR2 |
||
| 245 | 1 | _aRetirement / A New Beginning? | |
| 260 | _c2007 | ||
| 300 | _a63 | ||
| 520 | _aEvaluating Change, Happiness at Work, Psychology in China, Binge Drinking, So Wrong for So Long - Changing Our Approach to Change, Psychology in China, Diagnosing and Dealing with the 'New British Disease'. | ||
| 700 | 1 |
_aSutton Jon _99351 |
|
| 942 | _cCR | ||
| 710 | 2 |
_aThe British Psychological Society _99823 |
|
| 999 |
_c9006 _d9006 |
||